000 00840cab a2200265 4500
001 WB2828-65
008 090401t1992 xxu||||| |||| 00| 0 eng d
035 _a(Sirsi) u60015
041 _aeng
245 _aProfessional negligence
260 _c1992
350 _a0
490 _aEstates Gazette
_v(9227) 11 July 1992, 145(1)
520 _aDiscusses the case "PK Finans International (UK) Ltd v Andrew Downs & Co Ltd" which concerned alleged negligence in the valuation of a nursing home.
650 _aASSET VALUATION
650 _aNEGLIGENCE
650 _aNURSING HOME
650 _aPROFESSIONAL NEGLIGENCE
650 _aRICS APPRAISAL AND VALUATION MANUAL
650 _aRICS GUIDANCE NOTES
650 _aVALUERS
690 _aMANAGEMENT-BUSINESS MANAGEMENT-PROFESSIONAL PRACTICE
942 _n0
948 _c04/03/1997
999 _c36946
_d36946